| 000 | 00703nam a2200217Ii 4500 | ||
|---|---|---|---|
| 003 | JO-AjNU | ||
| 008 | 230605s9999||||xx |||||||||||||| ||und|| | ||
| 040 |
_aJO-AjNU _bara _erda _cJO-AjNU |
||
| 041 | _aara | ||
| 050 | 1 | 4 | _aDP101.G424 1983 |
| 100 | 3 |
_aغريب، جورج, _eauthor _936257 |
|
| 245 | 0 | 0 | _aالعرب في الاندلس |
| 250 | _aط4 | ||
| 264 | 3 | 1 | _aبيروت: دار الثقافة، 1983 |
| 300 | _a94ص | ||
| 336 |
_atext _btxt _2rdacontent |
||
| 337 |
_aunmediated _bn _2rdamedia |
||
| 338 |
_avolume _bnc _2rdacarrier |
||
| 490 | 0 | _aسلسلة الموسوع في الادب العربي؛ 21 | |
| 650 | 4 |
_aالعرب في الاندلس-الاندلس - تاريخ _936258 |
|
| 999 |
_aA15047 _c18615 _d18615 |
||